000 00559nam a2200181Ia 4500
999 _c14418
_d14418
003 OSt
005 20231227160750.0
008 190216s9999||||xx |||||||||||||| ||und||
020 _a9788174760999
040 _coclc
082 _a822.33
_bSHA/M
100 1 _aShakespeare, William,
_d1564-1616
_vAdaptations
_974
245 4 _aThe Merchant Of Venice /
_cWilliam Shakespeare
260 _bUBS Publishers Distributors,
_c2007.
_aNew Delhi:
300 _a315p
650 _aEnglish Drama
942 _cBK
_2ddc
_h822.33
_iSHA/M
_k822.33
_mSHA/M